000
00306nam a22001217a 4500
040
_c
SK
082
_a
639
100
_a
គា គីមអេង
245
_a
Practice of aquaculture; អនុវត្តចិញ្ចឹមត្រី
260
_a
RUA
_b
គា
_c
2008
300
_a
29p.
942
_c
KB
999
_c
10059
_d
10059